000 01162nam1a22002771 4500
001 rc\2191724
005 20110829164210.1
035 _a(NLR Aleph) 006612926
090 _a7368207
_c7368207
100 _a20110829d1978 |||y0rusy50 ca
101 0 _arus
102 _aRU
105 _ay z |||||
200 1 _aМетодика подготовки квалифицированных прыгунов в высоту на различных этапах годичной тренировки
_fКом. по физ. культуре и спорту при Совете Министров СССР. Упр. лег. атлетики, ВНИИфиз. культуры
_g[Подгот. В.М. Дьячков, проф., д. п. н., засл. тренер СССР, А.П. Стрижак, к. п. н.]
210 _aМосква
_cВНИИФК
_d1978
215 _d21
333 _aДСП
702 1 _aСтрижак
_bА. П.
_4570
702 1 _aДьячков
_bВ. М.
_4570
801 0 _aRU
_bNLR
_gpsbo
801 1 _aRU
_bELAR
_2rusmarc
852 _aNLR
_j78-50К/4492
899 _aRuMoRGB
_jДСП/
899 _aRuMoRGB
_j23 77/1392
942 _cBOOK
980 _aNB